Microsoft Power BI Dashboards (Record no. 13290)

MARC details
000 -LEADER
fixed length control field 00416nam a22001697a 4500
003 - CONTROL NUMBER IDENTIFIER
control field OSt
008 - FIXED-LENGTH DATA ELEMENTS--GENERAL INFORMATION
fixed length control field 250415b |||||||| |||| 00| 0 eng d
020 ## - INTERNATIONAL STANDARD BOOK NUMBER
International Standard Book Number 9789353944933
082 ## - DEWEY DECIMAL CLASSIFICATION NUMBER
Classification number 005.368 COM
100 ## - MAIN ENTRY--PERSONAL NAME
Personal name O' CONNOR,Errin
245 ## - TITLE STATEMENT
Title Microsoft Power BI Dashboards
250 ## - EDITION STATEMENT
Edition statement 10th IMP
260 ## - PUBLICATION, DISTRIBUTION, ETC. (IMPRINT)
Place of publication, distribution, etc New Delhi
Name of publisher, distributor, etc Pearson
Date of publication, distribution, etc 2025
300 ## - PHYSICAL DESCRIPTION
Extent 286
650 ## - SUBJECT ADDED ENTRY--TOPICAL TERM
Topical term or geographic name as entry element Microsoft Power BI Dashboards
942 ## - ADDED ENTRY ELEMENTS (KOHA)
Source of classification or shelving scheme Dewey Decimal Classification
Koha item type Text Books
Holdings
Withdrawn status Lost status Source of classification or shelving scheme Damaged status Not for loan Collection code Home library Current library Date acquired Source of acquisition Currency Cost, normal purchase price Bill Number Total Checkouts Full call number Acc. no. / Barcode Date last seen Actual Cost, discounted price Bill Date Koha item type
    Dewey Decimal Classification     Computer Science and Engineering in AI & Data Science PIET C-LIBRARY PIET C-LIBRARY 04/04/2025 Zaffa Books INR 680.00 ZBD0007   005.368 COM 39110 15/04/2025 462.40 25/03/2025 Reference Books
    Dewey Decimal Classification     Computer Science and Engineering in AI & Data Science PIET C-LIBRARY PIET C-LIBRARY 04/04/2025 Zaffa Books INR 680.00 ZBD0007   005.368 COM 39111 15/04/2025 462.40 25/03/2025 Text Books
    Dewey Decimal Classification     Computer Science and Engineering in AI & Data Science PIET C-LIBRARY PIET C-LIBRARY 04/04/2025 Zaffa Books INR 680.00 ZBD0007   005.368 COM 39112 15/04/2025 462.40 25/03/2025 Text Books
    Dewey Decimal Classification     Computer Science and Engineering in AI & Data Science PIET C-LIBRARY PIET C-LIBRARY 04/04/2025 Zaffa Books INR 680.00 ZBD0007   005.368 COM 39113 15/04/2025 462.40 25/03/2025 Text Books
    Dewey Decimal Classification     Computer Science and Engineering in AI & Data Science PIET C-LIBRARY PIET C-LIBRARY 04/04/2025 Zaffa Books INR 680.00 ZBD0007   005.368 COM 39114 15/04/2025 462.40 25/03/2025 Text Books

Design & Developed by: PIET Central Library
R70 Miles Stone Pattikalyana Samalkha Panipat 132102
mail ID :- [email protected], Phone No:- 0180-2569700 Ex.216